000 00725nam a2200253Ia 4500
001 dia_1329
003 CHAP
005 20230126131215.0
008 220117s1980 xx 000 0 und d
010 _a171876
040 _cCHAP
082 _a574.8765 P4
100 _aPedroza Sandoval, Aurelio
_986574
240 _aCurso de Fitopatología General
245 _aCurso de Fitopatología General /
_c por Aurelio Pedroza Sandoval
260 _aChapingo, México. Departamento de Zonas Aridas
_c1980
300 _a246 p
500 _aD.
600 _aPatología. I
_9150517
901 _a574.8765 P4
902 _aM
905 _a0000001980 MX A 0000000000SPA00
942 _cLIBRO
_2ddc
999 _c171876
_d171876